[Event "SUI-chT"]
[Site "Switzerland"]
[Date "2019.09.07"]
[Round "6.7"]
[White "Jrade, Willis"]
[Black "Thomi, Peter"]
[Result "1-0"]
[WhiteElo "2101"]
[BlackElo "1970"]
[PlyCount "113"]
[EventDate "2019.03.10"]
[EventType "team-tourn"]
[EventRounds "9"]
[EventCountry "SUI"]
[SourceTitle "EXT 2020"]
[Source "ChessBase"]
[SourceDate "2019.10.17"]
[SourceVersion "1"]
[SourceVersionDate "2019.10.17"]
[SourceQuality "1"]
[WhiteTeam "Nyon"]
[BlackTeam "Solothurn"]
[WhiteTeamCountry "SUI"]
[BlackTeamCountry "SUI"]

1. d4 d5 2. Nf3 Nf6 3. c3 e6 4. Bg5 Be7 5. Nbd2 b6 6. e3 0-0 7. Bd3 c5 8. 0-0 Ba6 9. Bxa6 Nxa6 10. Qe2 Nc7 11. Ne5 Qe8 12. f4 Nd7 13. Bxe7 Qxe7 14. Rf3 f6 15. Nxd7 Qxd7 16. Nb3 Qe7 17. e4 Qd6 18. Re1 Rae8 19. e5 fxe5 20. Qxe5 Qxe5 21. Rxe5 c4 22. Nd2 Rf5 23. Re2 Ref8 24. Ref2 b5 25. Nf1 a5 26. Ne3 R5f7 27. Ng4 Ra8 28. Ne5 Rff8 29. Re3 Rfd8 30. g4 b4 31. cxb4 axb4 32. Nc6 Rd6 33. Nxb4 Rb6 34. a3 Nb5 35. Nc2 c3 36. bxc3 Nxa3 37. Nxa3 Rxa3 38. f5 exf5 39. Rxf5 Rb1+ 40. Kg2 Ra2+ 41. Rf2 Rxf2+ 42. Kxf2 Rb2+ 43. Kg3 Kf7 44. h4 h6 45. Kf4 Kf6 46. g5+ hxg5+ 47. hxg5+ Kf7 48. Ke5 Rb5 49. Kd6 Ra5 50. Re7+ Kg6 51. Re5 Ra3 52. Kxd5 Rxc3 53. Ke6 Rc6+ 54. Kd7 Ra6 55. Re6+ Rxe6 56. Kxe6 Kxg5 57. d5 1-0

[Event "FRA-ch U20"]
[Site "Belfort"]
[Date "2017.04.21"]
[Round "7"]
[White "Daeschler, Florian"]
[Black "Jrade, Willis"]
[Result "1/2-1/2"]
[WhiteElo "2124"]
[BlackElo "2113"]
[PlyCount "71"]
[EventDate "2017.04.16"]
[EventType "swiss"]
[EventRounds "9"]
[EventCountry "FRA"]
[SourceTitle "CBM 177 Extra"]
[Source "ChessBase"]
[SourceDate "2017.04.27"]
[SourceVersion "1"]
[SourceVersionDate "2017.04.27"]
[SourceQuality "1"]

1. e4 c5 2. Nf3 d6 3. Bb5+ Nd7 4. d4 cxd4 5. Qxd4 e5 6. Qd3 a6 7. Bxd7+ Bxd7 8. 0-0 Rc8 9. Nc3 h6 10. Nd2 Nf6 11. Nc4 Qc7 12. Ne3 Be7 13. a4 Be6 14. Bd2 0-0 15. b3 Rfd8 16. Rfc1 Qc5 17. Ncd5 Bxd5 18. Nxd5 Nxd5 19. exd5 Qd4 20. Be3 Qh4 21. c4 Bf6 22. Rab1 e4 23. Qe2 Be5 24. g3 Qh3 25. b4 f5 26. c5 g5 27. c6 bxc6 28. Rxc6 f4 29. Bb6 e3 30. Bxd8 exf2+ 31. Qxf2 fxg3 32. hxg3 Rxd8 33. Rf1 Bd4 34. Qxd4 Qxg3+ 35. Kh1 Qh3+ 36. Kg1 1/2-1/2

[Event "FRA-ch U18"]
[Site "Gonfreville"]
[Date "2016.??.??"]
[Round "7"]
[White "Flick, Antoine"]
[Black "Jrade, Willis"]
[Result "1-0"]
[WhiteElo "2230"]
[BlackElo "2235"]
[PlyCount "199"]
[EventDate "2016.04.22"]
[EventType "swiss"]
[EventRounds "9"]
[EventCountry "FRA"]
[SourceTitle "EXT 2019"]
[Source "ChessBase"]
[SourceDate "2018.10.10"]
[SourceVersion "1"]
[SourceVersionDate "2018.10.10"]
[SourceQuality "1"]

1. d4 Nf6 2. c4 e6 3. Nc3 Bb4 4. Qc2 c5 5. Nf3 cxd4 6. Nxd4 Nc6 7. Nb3 d5 8. e3 0-0 9. Bd2 e5 10. cxd5 Nxd5 11. Be2 Be6 12. 0-0 Rc8 13. Rfd1 Qe7 14. Nxd5 Bxd5 15. Rac1 Nd4 16. Qxc8 Nxe2+ 17. Kf1 Nxc1 18. Qxc1 Be6 19. Bxb4 Qxb4 20. Qc5 Qa4 21. Qxe5 Qxa2 22. Nc5 Bc8 23. Kg1 b6 24. Ne4 h6 25. h3 Qe6 26. Qd4 Bb7 27. Ng3 Bc6 28. Ra1 Ra8 29. Rd1 Re8 30. Qb4 Qe7 31. Qc3 Be4 32. Rd4 Bg6 33. Kh2 Rd8 34. Rxd8+ Qxd8 35. f4 f6 36. e4 Qe7 37. Qd4 Kh7 38. e5 fxe5 39. fxe5 Qc5 40. Qf4 Qc6 41. h4 Qe6 42. h5 Bf7 43. Qe4+ g6 44. hxg6+ Qxg6 45. Qf4 Be6 46. Qh4 Qg5 47. Qe4+ Qg6 48. Qd4 Qg5 49. Qd3+ Kg7 50. Qe4 h5 51. Ne2 Bg4 52. Nf4 Bf5 53. Qe3 Kh6 54. e6 Bg6 55. e7 Be8 56. Qe4 Qf6 57. b3 Bc6 58. Qe3 Qd6 59. g3 Be8 60. Ne6+ Kh7 61. Qe4+ Kg8 62. Nd4 Kf7 63. Qf3+ Qf6 64. Nf5 Bd7 65. Qxh5+ Ke6 66. e8Q+ Bxe8 67. Qxe8+ Kxf5 68. Qd7+ Kg6 69. Qd3+ Qf5 70. Qe3 Qh5+ 71. Kg2 Qd5+ 72. Kf2 Qf5+ 73. Kg1 Qf6 74. Kh2 Qh8+ 75. Kg2 Qb2+ 76. Kf1 Qb1+ 77. Ke2 Qc2+ 78. Kf3 Qd1+ 79. Ke4 Qh1+ 80. Kd4 Qh8+ 81. Kc4 Qc8+ 82. Kb5 Qf5+ 83. Ka6 Qa5+ 84. Kb7 Kg7 85. Qd4+ Kg6 86. Qe4+ Kg7 87. g4 b5 88. Qd4+ Kg6 89. Qxa7 Qb4 90. Qe3 Qxg4 91. Qe8+ Kf6 92. Qxb5 Qg7+ 93. Ka6 Qg2 94. Qb6+ Ke5 95. Qc7+ Kd4 96. Qc4+ Ke5 97. Qc5+ Ke6 98. Kb6 Qg3 99. Qc8+ Kd5 100. Qc4+ 1-0

[Event "FRA-ch U18"]
[Site "Gonfreville"]
[Date "2016.??.??"]
[Round "5"]
[White "Meunier, Clement1111"]
[Black "Jrade, Willis"]
[Result "1-0"]
[WhiteElo "2257"]
[BlackElo "2235"]
[PlyCount "74"]
[EventDate "2016.04.22"]
[EventType "swiss"]
[EventRounds "9"]
[EventCountry "FRA"]
[SourceTitle "EXT 2019"]
[Source "ChessBase"]
[SourceDate "2018.10.10"]
[SourceVersion "1"]
[SourceVersionDate "2018.10.10"]
[SourceQuality "1"]

1. e4 c5 2. Nf3 d6 3. Bb5+ Nd7 4. c3 Ngf6 5. Qe2 Qc7 6. 0-0 a6 7. Ba4 b5 8. Bc2 c4 9. a4 Rb8 10. axb5 axb5 11. d4 e5 12. Na3 Be7 13. Rb1 0-0 14. b3 Ba6 15. b4 Rfe8 16. d5 Nf8 17. Ra1 Bc8 18. h3 Ng6 19. Nh2 h6 20. Ra2 Nh7 21. Be3 Bg5 22. Rfa1 Qd7 23. Nb1 Nh4 24. Bxg5 Nxg5 25. Ra7 Bb7 26. Qg4 Qxg4 27. hxg4 Nh7 28. R1a5 Bc8 29. Na3 Nf6 30. Nxc4 bxc4 31. f3 Bxg4 32. Nxg4 Rec8 33. Bd3 Nxg4 34. b5 Nf6 35. b6 Rc5 36. Rd7 Nxd7 37. Rb5 Rbc8 1-0

[Event "FRA-ch op"]
[Site "Nimes"]
[Date "2014.08.26"]
[Round "9"]
[White "Jrade, Willis"]
[Black "Kozlowski, Thierry"]
[Result "0-1"]
[WhiteElo "1971"]
[BlackElo "1975"]
[PlyCount "72"]
[EventDate "2014.08.17"]
[EventType "swiss"]
[EventRounds "11"]
[EventCountry "FRA"]
[SourceTitle "EXT 2015"]
[Source "ChessBase"]
[SourceDate "2014.11.20"]
[SourceVersion "1"]
[SourceVersionDate "2014.11.20"]
[SourceQuality "1"]

1. e4 g6 2. c4 c6 3. Nc3 d6 4. g3 e5 5. Bg2 Bg7 6. Nge2 Be6 7. b3 c5 8. d3 Nc6 9. 0-0 Qd7 10. Nd5 h5 11. h4 0-0-0 12. Rb1 f6 13. f4 Bg4 14. Be3 Bh6 15. a3 Nd4 16. Bxd4 cxd4 17. b4 g5 18. f5 gxh4 19. gxh4 Qg7 20. Kh1 Ne7 21. Nxe7+ Qxe7 22. Rb2 Rhg8 23. Qe1 Be3 24. Rc2 Qg7 25. Nc3 Kb8 26. Nd5 Qh6 27. Ne7 Rg7 28. Ng6 Rc7 29. a4 Rdc8 30. Qg3 Bd2 31. b5 Qe3 32. Qxe3 dxe3 33. Rb1 Be2 34. Rb3 Bd1 35. Rxd2 exd2 36. Rb2 Bc2 0-1

[Event "FRA-ch op"]
[Site "Nimes"]
[Date "2014.08.23"]
[Round "6"]
[White "Jrade, Willis"]
[Black "Carral, Didier"]
[Result "1-0"]
[WhiteElo "1971"]
[BlackElo "1852"]
[PlyCount "47"]
[EventDate "2014.08.17"]
[EventType "swiss"]
[EventRounds "11"]
[EventCountry "FRA"]
[SourceTitle "EXT 2015"]
[Source "ChessBase"]
[SourceDate "2014.11.20"]
[SourceVersion "1"]
[SourceVersionDate "2014.11.20"]
[SourceQuality "1"]

1. e4 c5 2. Nf3 e6 3. d4 cxd4 4. Nxd4 Nc6 5. Nxc6 bxc6 6. Bd3 Nf6 7. Nc3 e5 8. 0-0 Be7 9. Kh1 d6 10. f4 Ng4 11. h3 h5 12. Na4 d5 13. exd5 Qxd5 14. Nc3 Qd4 15. Qf3 Bd7 16. Be4 Rc8 17. fxe5 Nxe5 18. Qe2 Bc5 19. Bf4 Kf8 20. Rad1 Bg4 21. Rxd4 Bxe2 22. Nxe2 Bxd4 23. Nxd4 Nc4 24. b3 1-0

[Event "Cannes op 26th"]
[Site "Cannes"]
[Date "2014.07.08"]
[Round "2"]
[White "Peric, Slavisa"]
[Black "Jrade, Willis"]
[Result "1-0"]
[WhiteElo "2171"]
[BlackElo "1925"]
[PlyCount "83"]
[EventDate "2014.07.07"]
[EventType "swiss"]
[EventRounds "9"]
[EventCountry "FRA"]
[SourceTitle "EXT 2015"]
[Source "ChessBase"]
[SourceDate "2014.11.20"]
[SourceVersion "1"]
[SourceVersionDate "2014.11.20"]
[SourceQuality "1"]

1. d4 Nf6 2. Nf3 g6 3. c4 Bg7 4. Nc3 d5 5. cxd5 Nxd5 6. Bd2 0-0 7. e4 Nxc3 8. Bxc3 c5 9. d5 Bxc3+ 10. bxc3 Qa5 11. Qd2 Nd7 12. c4 Qxd2+ 13. Kxd2 b6 14. Bd3 Ba6 15. a4 Rfd8 16. Kc3 Bb7 17. a5 Rdb8 18. Rhb1 Bc8 19. Rb2 bxa5 20. Rxb8 Rxb8 21. Rxa5 a6 22. Bc2 Bb7 23. Nd2 Rc8 24. Ba4 Nb6 25. Bd1 Kg7 26. Nb3 Rc7 27. Nxc5 Bc8 28. Bb3 f5 29. e5 Kh6 30. Kd4 Kh5 31. Na4 Nd7 32. e6 Nf6 33. Rc5 Rxc5 34. Nxc5 Kg5 35. h3 Nh5 36. Ke5 f4 37. Ne4+ Kh4 38. Bd1 g5 39. Bxh5 Kxh5 40. d6 exd6+ 41. Nxd6 a5 42. e7 1-0

[Event "Cannes op 26th"]
[Site "Cannes"]
[Date "2014.07.07"]
[Round "1"]
[White "Jrade, Willis"]
[Black "Lamard, Guillaume"]
[Result "0-1"]
[WhiteElo "1925"]
[BlackElo "2331"]
[PlyCount "102"]
[EventDate "2014.07.07"]
[EventType "swiss"]
[EventRounds "9"]
[EventCountry "FRA"]
[SourceTitle "EXT 2015"]
[Source "ChessBase"]
[SourceDate "2014.11.20"]
[SourceVersion "1"]
[SourceVersionDate "2014.11.20"]
[SourceQuality "1"]

1. e4 c5 2. Nf3 e6 3. d4 cxd4 4. Nxd4 Nc6 5. Nxc6 bxc6 6. Bd3 d5 7. 0-0 Nf6 8. Nc3 Be7 9. e5 Nd7 10. Qg4 g6 11. Re1 a5 12. Bh6 Rb8 13. b3 Qb6 14. Na4 Qb4 15. Qg3 c5 16. a3 Qh4 17. Qxh4 Bxh4 18. Bd2 Bd8 19. Nc3 f6 20. exf6 Kf7 21. Rab1 Bxf6 22. Nb5 Ne5 23. Nd6+ Ke7 24. Nxc8+ Rhxc8 25. Bxa5 Ra8 26. b4 c4 27. Be2 Ra6 28. f4 Nc6 29. Bf3 Bd4+ 30. Kh1 Nxa5 31. bxa5 Kf6 32. Rb7 h5 33. h3 h4 34. Bg4 Rcc6 35. Rd1 Be3 36. Rh7 Rxa5 37. Rxh4 Rxa3 38. Rb1 Rca6 39. g3 Ra1 40. Rxa1 Rxa1+ 41. Kg2 Rc1 42. Be2 Rxc2 43. Kf3 Bc5 44. Rh7 e5 45. fxe5+ Kxe5 46. h4 d4 47. h5 d3 48. Bd1 Rf2+ 49. Kg4 gxh5+ 50. Rxh5+ Kd4 51. Bf3 c3 0-1

[Event "FRA-ch U16"]
[Site "Saint Paul Trois Chateaux"]
[Date "2013.05.01"]
[Round "4"]
[White "Micottis, Dorian"]
[Black "Jrade, Willis"]
[Result "1/2-1/2"]
[WhiteElo "2050"]
[BlackElo "1793"]
[PlyCount "80"]
[EventDate "2013.04.28"]
[EventType "swiss"]
[EventRounds "9"]
[EventCountry "FRA"]
[SourceTitle "CBM 154 Extra"]
[Source "ChessBase"]
[SourceDate "2013.06.25"]
[SourceVersion "2"]
[SourceVersionDate "2013.06.25"]
[SourceQuality "1"]

1. e4 c5 2. Nf3 d6 3. d4 cxd4 4. Nxd4 Nf6 5. Nc3 a6 6. h3 e6 7. g4 h6 8. Bg2 Qc7 9. Be3 Nc6 10. Nde2 b5 11. a3 Bb7 12. 0-0 Be7 13. Qd2 Rc8 14. f4 Na5 15. b3 Nc6 16. Rfc1 b4 17. axb4 Nxb4 18. Nd1 Nc6 19. c4 0-0 20. Nf2 Nd7 21. b4 Rfd8 22. Rab1 a5 23. b5 Nb4 24. Nd3 Nxd3 25. Qxd3 Nc5 26. Qc2 Ra8 27. Nd4 Qc8 28. Nb3 a4 29. Nxc5 dxc5 30. Ra1 a3 31. Qb3 Bf6 32. Rxa3 Bd4 33. Re1 Bxe3+ 34. Qxe3 Rd4 35. Rxa8 Qxa8 36. Qe2 Qa4 37. Rc1 Qa8 38. Re1 Qa4 39. Rc1 Qa8 40. Re1 Qa4 1/2-1/2

[Event "FRA-chT U20"]
[Site "France"]
[Date "2012.05.27"]
[Round "?"]
[White "Trouve, Guillaume"]
[Black "Jrade, Willis"]
[Result "0-1"]
[WhiteElo "1761"]
[BlackElo "1685"]
[PlyCount "84"]
[EventDate "2012.05.26"]
[EventType "team-swiss"]
[EventRounds "9"]
[EventCountry "FRA"]
[SourceTitle "EXT 2014"]
[Source "ChessBase"]
[SourceDate "2013.11.20"]
[SourceVersion "1"]
[SourceVersionDate "2013.11.20"]
[SourceQuality "1"]

1. e4 e5 2. Nf3 Nc6 3. Bc4 Bc5 4. c3 Qf6 5. 0-0 Nge7 6. d3 h6 7. Nbd2 0-0 8. h3 d6 9. Nh2 Ng6 10. Ndf3 Nf4 11. Bxf4 Qxf4 12. Re1 Ne7 13. d4 Bb6 14. Nf1 Ng6 15. Ng3 Nh4 16. Nxh4 Qxh4 17. Qd3 Be6 18. Rad1 Kh8 19. Re3 Rae8 20. Rf3 exd4 21. cxd4 Qe7 22. Bb3 Bxb3 23. Qxb3 Qe6 24. Qe3 Qxa2 25. Nf5 Re6 26. Rg3 Rg8 27. Qc3 Qa5 28. b4 Qb5 29. d5 Rg6 30. Rxg6 fxg6 31. Nxh6 Rf8 32. Rd2 a5 33. Ng4 axb4 34. Qb2 Kh7 35. e5 dxe5 36. Nxe5 Rf5 37. g4 Rf4 38. Qc2 Qe8 39. Nd3 Rd4 40. Re2 Re4 41. Rd2 Qf7 42. Nc1 Qf3 0-1

[Event "FRA-chT U20 1112"]
[Site "France"]
[Date "2011.12.17"]
[Round "4"]
[White "Jrade, Willis"]
[Black "Bellahcene, Bilel"]
[Result "0-1"]
[WhiteElo "1583"]
[BlackElo "2311"]
[PlyCount "82"]
[EventDate "2011.12.03"]
[EventType "team-swiss"]
[EventRounds "7"]
[EventCountry "FRA"]
[SourceTitle "EXT 2013"]
[Source "ChessBase"]
[SourceDate "2012.11.22"]
[SourceVersion "1"]
[SourceVersionDate "2012.11.22"]
[SourceQuality "1"]

1. e4 c5 2. Nf3 d6 3. d4 cxd4 4. Nxd4 Nf6 5. Nc3 g6 6. Be3 Bg7 7. Qd2 0-0 8. f3 Nc6 9. Bc4 Bd7 10. 0-0-0 Qb8 11. g4 Ne5 12. Bb3 b5 13. Nd5 e6 14. Nxf6+ Bxf6 15. Bh6 Rc8 16. g5 Bh8 17. Kb1 a5 18. c3 a4 19. Bc2 Nc4 20. Qe1 a3 21. b3 Nb2 22. Rc1 b4 23. Ne2 Rxc3 24. Nxc3 Bxc3 25. Qg3 Bb5 26. Rcd1 Nxd1 27. Rxd1 d5 28. Qf2 Qa7 29. Qg3 Be2 30. Rc1 Qd4 31. Qg1 Qxg1 32. Rxg1 Bxf3 33. exd5 Bxd5 34. Rd1 Be5 35. h3 Rc8 36. Bd3 Bf3 37. Re1 Bc3 38. Rf1 Bg2 39. Rf2 Bxh3 40. Bc4 Bf5+ 41. Kc1 Bb2+ 0-1